1578 1202 1418 1789 1038 1982 1805 1973 1628 1130 1203 1423 1365 1778 1707 1807 1658 1560 1616 1069 1720 1848 1713 1862 1339 1826 1416 1114 1817 1332 1653 1809 1147 1386 1719 1417 1506 1963 1084 1559 1816 1966 1633 1013 1972 1974 1485 1934 1151 1395 1775 1308 1076 1499 1094 1585 1443 1142 1630 1526 1501 1225 1282 1618 1479 1303 1825 1534 1882 1062 1091 1886 1197 1611 1183 1428 1637 1671 1812 1352 1301 1544 1267 1026 1112 1124 1735 1739 1038 1759 1487 1908 1841 1042 1867 1944 1050 1293 1567 BCNSPRNW ULIB Ver.6.0+V

เปลี่ยนเป็นภาษาไทย

Change to English
 แสดงรายละเอียดบรรณานุกรม
  กลับหน้าหลัก

Brief Record : Get Marc (ISO 2709) : E-mail record : QR code < ปิดหน้าต่าง
LEADER : 00000nam 2200000uu 4500
001    13399123366
003     ULIB
008    140827s2538||||th 000 0 tha d
099    วจ WB425^bช149ผ
100 0  ชนาพร หยีวิยม
245 00 ผลของการดูแลตนเองด้วยการออกกำลังกายเพื่อลดระดับความดันโลหิตและระดับคอเลสเตอรอลของหญิงสูงอายุ/^cชนาพร หยีวิยม
260    นนทบุรี:^bกองสาธารณสุขภูมิภาค กระทรวงสาธารณสุข,^c2538
300    80 หน้า
650  0 การออกกำลังกาย^xหญิงสูงอายุ
650  0 ระดับความดันโลหิต
650  0 ระดับคอลเลสเตอรอล
945    ^p0^l0^i017912
999    ^aเกษร โพธิ์สุวรรณ
รายการนี้ยังไม่มีแท็ก
คุณยังไม่ได้ล็อกอิน คุณสามารถมีกิจกรรมร่วมกับเว็บไซต์ได้ แต่ต้องล็อกอินก่อน ::
  ล็อกอิน

รายการสื่อสารสนเทศ

ลำดับที่ ประเภท เลขเรียก/บาร์โค้ด สถานที่ สถานะ
1. งานวิจัย
งานวิจัย
วจ WB425 ช149ผ ฉ.1 
  Barcode: 017912
ห้องสมุดวิทยาเขตสวรรค์ประชารักษ์
►วิจัย
บนชั้น

BibComment


ยังไม่เคยถูกคอมเมนท์

คอมเมนท์ทรัพยากรรายการนี้
  คอมเมนท์: ผลของการดูแลตนเอง..


 Copyright 2026. Bcnsprnw @Library